Loading...
Literature - European Literature | 0 | 4 | 0 | 1 | 40 | 124 | 155.00 | 0 | 0 |
Literature - British Literature | 0 | 2 | 0 | 1 | 20 | 154 | 156.00 | 0 | 0 |
Science - Chemistry | 0 | 2 | 0 | 0 | 20 | 59 | 76.00 | 1 | 1 |
Fine Arts - Other Fine Arts | 1 | 0 | 0 | 0 | 15 | 93 | 93.00 | 0 | 0 |
Literature - World Literature | 0 | 2 | 1 | 0 | 15 | 132 | 137.50 | 0 | 0 |
Science - Physics | 0 | 1 | 0 | 0 | 10 | 86 | 86.00 | 0 | 0 |
Science - Biology | 0 | 1 | 0 | 1 | 10 | 124 | 124.00 | 0 | 0 |
Beliefs | 0 | 1 | 1 | 0 | 5 | 115 | 115.00 | 0 | 1 |
Literature - American Literature | 0 | 1 | 1 | 0 | 5 | 121 | 121.00 | 0 | 0 |
Fine Arts - Visual Fine Arts | 0 | 0 | 0 | 0 | 0 | 0.00 | 0 | 0 | |
Science - Astronomy | 0 | 0 | 0 | 0 | 0 | 0.00 | 0 | 0 | |
Fine Arts - Classical Music and Opera | 0 | 0 | 1 | 0 | -5 | 0.00 | 0 | 0 | |
Science - Other Science | 0 | 0 | 1 | 0 | -5 | 0.00 | 0 | 0 |